Commercial property leases (Record no. 104040)

MARC details
000 -LEADER
fixed length control field 01297cam a2200229 4500
001 - CONTROL NUMBER
control field J128922
008 - FIXED-LENGTH DATA ELEMENTS--GENERAL INFORMATION
fixed length control field 040602n2004 000 0 eng u
035 ## - SYSTEM CONTROL NUMBER
System control number (Sirsi) u128922
041 ## - LANGUAGE CODE
Language code of text/sound track or separate title eng
050 ## - LIBRARY OF CONGRESS CALL NUMBER
Classification number 346.4104343
-- 18
110 ## - MAIN ENTRY--CORPORATE NAME
Corporate name or jurisdiction name as entry element United Kingdom
Subordinate unit Office of the Deputy Prime Minister
245 ## - TITLE STATEMENT
Title Commercial property leases
Remainder of title options for deterring or outlawing the use of upward only rent review clauses
-- Consultation paper issued by the Office of the Deputy Prime Minister and the Welsh Assembly Government
260 ## - PUBLICATION, DISTRIBUTION, ETC.
Place of publication, distribution, etc. London
Name of publisher, distributor, etc. ODPM
Date of publication, distribution, etc. 2004
520 ## - SUMMARY, ETC.
Summary, etc. ODPM consultation paper on upward only rent reviews (UORR) seting out six options: 1) do nothing; 2) ban upward-only rent clauses; 3) ban UORRs subject to a floor of the initial rent; 4) give tenants a right to break if the UORR produced a rent above open market levels; 5) limit lease length; 6) require landords to give prospective tenant priced options. View at www.dclg.gov.uk
590 ## - LOCAL NOTE (RLIN)
Local note KA
650 ## - SUBJECT ADDED ENTRY--TOPICAL TERM
Topical term or geographic name entry element UPWARD ONLY RENT REVIEWS
650 ## - SUBJECT ADDED ENTRY--TOPICAL TERM
Topical term or geographic name entry element CODE FOR LEASING BUSINESS PREMISES IN ENGLAND AND WALES
690 ## - LOCAL SUBJECT ADDED ENTRY--TOPICAL TERM (OCLC, RLIN)
Topical term or geographic name as entry element LANDLORD AND TENANT-BUSINESS TENANCIES
710 ## - ADDED ENTRY--CORPORATE NAME
Corporate name or jurisdiction name as entry element NAFW
9 (RLIN) 3812
856 ## - ELECTRONIC LOCATION AND ACCESS
Uniform Resource Identifier <a href="https://www.communities.gov.uk/index.asp?id=1128747#P124_29857">https://www.communities.gov.uk/index.asp?id=1128747#P124_29857</a>
Public note View the consultation on the DCLG website...
942 ## - ADDED ENTRY ELEMENTS (KOHA)
Suppress in OPAC 0
Holdings
Withdrawn status Lost status Source of classification or shelving scheme Damaged status Not for loan Home library Current library Shelving location Date acquired Total Checkouts Full call number Barcode Date last seen Copy number Price effective from Koha item type
    Dewey Decimal Classification     Virtual Virtual Online 04/03/2005   ONLINE PUBLICATION 128922-2001 06/08/2019 1 06/08/2019 Book